000 00358pam a2200157a 44500
008 230515b2015 xxu||||| |||| 00| 0 eng d
020 _aNULL
041 _aENGLISH
082 _a610
100 _aLILY PODDER
245 _aOBSTETIRICAL NURSING &GYNECOLOGY PROCEDURE MANUAL
250 _a0
260 _a
_bC B S
_c2015
300 _a116
650 _aNULL
999 _c531913
_d531913